| 000 | 00734nam a2200265Ia 4500 | ||
|---|---|---|---|
| 003 | OSt | ||
| 005 | 20220925212558.0 | ||
| 006 | a|||||r|||| 00| 0 | ||
| 007 | ta | ||
| 008 | 220923b |||||||| |||| 00| 0 eng d | ||
| 020 | _a0043011659 | ||
| 037 | _cGeneral Book | ||
| 040 |
_aRTL _cRTL _beng |
||
| 041 |
_2eng _aeng |
||
| 082 | _aY46-12.3.N8, M3 | ||
| 100 |
_aRoberts Kenneth _9137959 |
||
| 245 | 0 | _aYouth and leisure | |
| 260 |
_aLondon _bAllen and Unwin _c1983 |
||
| 300 |
_ax, 210p _ccm. |
||
| 490 | _aLeisure and Recreation Studies.3 | ||
| 500 | _aBibliography: P 193-206 | ||
| 650 |
_aProfession _9237791 |
||
| 942 |
_hY46-12.3.N8, M3 _cGB _2CC |
||
| 999 |
_c560685 _d560685 |
||